000 00894nam a2200241 a 4500
001 1570
003 BR-CuiBMT
005 20231220012843.0
008 231215s2001 dfba 000 0 por d
040 _aBR-CuiBMT
_cBR-CuiBMT
080 _a614
_x(047)
_22007
090 _a614(047)
_bB823r
110 1 _aBrasil.
_bMinistério da Saúde.
245 1 0 _aRelatório de atividades do SIOPS 2000 /
_cMinistério da saúde.
260 _aBrasília :
_bMinistério da Saúde,
_c2001.
300 _a204 p. :
_bil. ;
_c22 cm
500 _aMinistério da Saúde - Secretaria de Gestão de Investimentos em Saúde - Departamento de Projetos de Investimento.
610 1 _aBrasil.
_bMinistério da Saúde
_xSistema de Informações sobre Orçamentos Públicos em Saúde
650 _aSaúde
_xFinanciamento
_zBrasil
650 _aSaúde
_xRelatórios
_zBrasil
650 _aEconomia médica
942 _2udc
_cLV
999 _c1570
_d1570